Países limítrofes con Arabia Saudita - Estadísticas

Estadísticas generales
  • Esta prueba ha sido intentada 29 veces
  • La puntuación promedio es 7 de 8
Estadísticas de respuestas
Longitud (km) País % Correcto
676 Omán
100%
744 Jordán
96%
222 Kuwait
96%
1,458 Yemen
96%
457 Emiratos Árabes Unidos
89%
814 Irak
89%
60 Katar
82%
(por puente) Bahréin
75%
No se encontraron pruebas coincidentes
Distribución de puntuación
Porcentaje de gente con cada puntuación
Porcentaje por número respondido
Historial de tus puntuaciones
No has intentado esta prueba.